[Event "Lazy Baltic Pearl op-A 19th"]
[Site "Lazy"]
[Date "2023.07.04"]
[Round "9"]
[White "Lecki, Leonard"]
[Black "Wiewiora, Eneasz"]
[Result "1/2-1/2"]
[WhiteElo "1914"]
[BlackElo "2314"]
[PlyCount "58"]
[EventDate "2023.06.26"]
[EventType "swiss"]
[EventRounds "9"]
[EventCountry "POL"]
[SourceTitle "EXT 2024"]
[Source "ChessBase"]
[SourceDate "2023.10.10"]
[SourceVersion "1"]
[SourceVersionDate "2023.10.10"]
[SourceQuality "1"]

1. e4 g6 2. d4 Bg7 3. Nc3 d6 4. f4 Nf6 5. Nf3 0-0 6. Bd3 Na6 7. a3 c5 8. d5 Rb8 9. 0-0 Nc7 10. a4 Bg4 11. h3 Bxf3 12. Qxf3 Na6 13. e5 Nd7 14. exd6 exd6 15. Nb5 Nb4 16. c3 Nxd3 17. Qxd3 a6 18. Nxd6 Nb6 19. a5 Qxd6 20. axb6 Rbd8 21. Be3 Qxd5 22. Qxd5 Rxd5 23. Rfd1 Rfd8 24. Rxd5 Rxd5 25. Kf2 Bf8 26. Kf3 f5 27. Ra5 Kf7 28. Ke2 Ke6 29. c4 Rd8 1/2-1/2

[Event "Malopolska-ch"]
[Site "Krakow"]
[Date "2023.06.09"]
[Round "4"]
[White "Trybus, Daniel"]
[Black "Wiewiora, Eneasz"]
[Result "1/2-1/2"]
[WhiteElo "2014"]
[BlackElo "2314"]
[PlyCount "32"]
[EventDate "2023.06.08"]
[EventType "swiss"]
[EventRounds "7"]
[EventCountry "POL"]
[SourceTitle "CBM 214 Extra"]
[Source "ChessBase"]
[SourceDate "2023.07.31"]
[SourceVersion "1"]
[SourceVersionDate "2023.07.31"]
[SourceQuality "1"]

1. e4 e5 2. Nf3 Nc6 3. Bc4 Nf6 4. d4 exd4 5. e5 d5 6. Bd3 Ne4 7. Nbd2 Nc5 8. Bb5 Bd7 9. Nb3 Nxb3 10. axb3 Bb4+ 11. Bd2 Bxd2+ 12. Qxd2 Nxe5 13. Bxd7+ Nxd7 14. Qxd4 0-0 15. Rxa7 Re8+ 16. Kd1 Re4 1/2-1/2

[Event "Malopolska-ch"]
[Site "Krakow"]
[Date "2023.06.09"]
[Round "3"]
[White "Wiewiora, Eneasz"]
[Black "Gora, Antonina"]
[Result "1-0"]
[WhiteElo "2314"]
[BlackElo "1941"]
[PlyCount "79"]
[EventDate "2023.06.08"]
[EventType "swiss"]
[EventRounds "7"]
[EventCountry "POL"]
[SourceTitle "CBM 214 Extra"]
[Source "ChessBase"]
[SourceDate "2023.07.31"]
[SourceVersion "1"]
[SourceVersionDate "2023.07.31"]
[SourceQuality "1"]

1. e4 c5 2. c3 d5 3. exd5 Qxd5 4. d4 Nf6 5. Nf3 Nc6 6. Be2 e6 7. 0-0 cxd4 8. cxd4 Be7 9. Nc3 Qd6 10. Nb5 Qd8 11. Bf4 Nd5 12. Bg3 a6 13. Nc3 b5 14. Rc1 Bb7 15. Ne4 0-0 16. Nc5 Bxc5 17. dxc5 Qf6 18. Qd2 h6 19. Rfd1 Rac8 20. a3 b4 21. axb4 Ncxb4 22. Bd6 Rfd8 23. Ra1 Qg6 24. Ne5 Qf5 25. Nd3 Nc6 26. Ra4 Nb6 27. Rf4 Qg6 28. Rg4 Qf6 29. Nf4 Rxd6 30. cxd6 Qe5 31. Nh5 g5 32. h4 f5 33. Rg3 Nb4 34. hxg5 Rc2 35. gxh6+ Qxg3 36. fxg3 Rxd2 37. Rxd2 N4d5 38. Nf4 Bc8 39. Nxd5 Nxd5 40. Bxa6 1-0

[Event "Malopolska-ch"]
[Site "Krakow"]
[Date "2023.06.08"]
[Round "1"]
[White "Wiewiora, Eneasz"]
[Black "Czarnecka, Lidia"]
[Result "1/2-1/2"]
[WhiteElo "2314"]
[BlackElo "2027"]
[PlyCount "176"]
[EventDate "2023.06.08"]
[EventType "swiss"]
[EventRounds "7"]
[EventCountry "POL"]
[SourceTitle "CBM 214 Extra"]
[Source "ChessBase"]
[SourceDate "2023.07.31"]
[SourceVersion "1"]
[SourceVersionDate "2023.07.31"]
[SourceQuality "1"]

1. e4 c5 2. c3 d5 3. exd5 Qxd5 4. d4 Nf6 5. Nf3 Bg4 6. Be2 e6 7. h3 Bh5 8. 0-0 Be7 9. Be3 cxd4 10. cxd4 0-0 11. Nc3 Qa5 12. Qb3 Nbd7 13. Rfd1 Nb6 14. g4 Bg6 15. Ne5 Nfd5 16. Bf3 Rac8 17. Rac1 Nxc3 18. Rxc3 Rxc3 19. bxc3 Nd5 20. Bd2 Qa6 21. c4 Nb6 22. c5 Nd5 23. Nxg6 hxg6 24. Bxd5 exd5 25. Qxd5 Rd8 26. Qe4 Qa4 27. Re1 Bxc5 28. dxc5 Qxe4 29. Rxe4 Rxd2 30. Re8+ Kh7 31. Re7 Rxa2 32. Rxb7 f6 33. Kg2 Rc2 34. Rb5 Rc3 35. h4 g5 36. hxg5 fxg5 37. Ra5 Kg8 38. Kf1 Kf8 39. Ke2 Rc4 40. Kd3 Rxg4 41. Rxa7 Ke8 42. Rxg7 Kd8 43. Ke3 Kc8 44. Kf3 Rf4+ 45. Ke3 Rf5 46. c6 Rc5 47. Rg6 Rf5 48. Rg7 Re5+ 49. Kf3 Rf5+ 50. Kg3 Kd8 51. f3 Kc8 52. Kf2 Kd8 53. Ke3 Kc8 54. Re7 Kd8 55. Rd7+ Kc8 56. Rd4 Kc7 57. Rc4 Re5+ 58. Kf2 Rd5 59. Kg3 Rd1 60. Rc5 Rg1+ 61. Kf2 Rb1 62. Kg2 Ra1 63. Kg3 Rg1+ 64. Kh3 Rf1 65. Kg4 Rg1+ 66. Kh3 Rf1 67. Kg2 Rb1 68. Rc3 Rb5 69. Rc1 Rb4 70. Kg3 Rb5 71. Kg4 Re5 72. Rc2 Rd5 73. Rc4 Rb5 74. Rc3 Re5 75. Kh5 Rd5 76. Kg6 Rb5 77. Kf6 Ra5 78. Ke6 Ra4 79. Kf5 Ra5+ 80. Kf6 Rb5 81. Re3 Kxc6 82. Re5 Rb3 83. Rf5 Kd7 84. Kxg5 Ke7 85. Kg6 Rb2 86. f4 Rg2+ 87. Rg5 Rf2 88. Rf5 Rg2+ 1/2-1/2

[Event "Bytom Black Horse School Cup"]
[Site "Bytom"]
[Date "2023.01.28"]
[Round "9"]
[White "Kozlowski, Franciszek"]
[Black "Wiewiora, Eneasz"]
[Result "0-1"]
[WhiteElo "1742"]
[BlackElo "2309"]
[PlyCount "166"]
[EventDate "2023.01.28"]
[EventType "swiss (rapid)"]
[EventRounds "9"]
[EventCountry "POL"]
[SourceTitle "CBM 213 Extra"]
[Source "ChessBase"]
[SourceDate "2023.05.31"]
[SourceVersion "1"]
[SourceVersionDate "2023.05.31"]
[SourceQuality "1"]

1. d4 Nf6 2. Bf4 c5 3. c3 d5 4. e3 Nc6 5. Nd2 cxd4 6. exd4 Bf5 7. Qb3 Qc8 8. Ngf3 e6 9. Bb5 Be7 10. 0-0 0-0 11. Ne5 Nxe5 12. Bxe5 a6 13. Be2 Nd7 14. Bg3 h6 15. Nf3 Nf6 16. Bh4 Qc7 17. Bg3 Bd6 18. Bxd6 Qxd6 19. Rfe1 Nd7 20. Rad1 b5 21. Bd3 Bg4 22. Re3 Nb6 23. Rde1 Nc4 24. Bxc4 bxc4 25. Qa4 Rab8 26. b3 Bxf3 27. Rxf3 cxb3 28. axb3 Rfc8 29. g3 Rb6 30. b4 Rbc6 31. Qa3 Qc7 32. Rfe3 g6 33. Ra1 Kg7 34. Kg2 h5 35. h4 Qb6 36. Rc1 Qb7 37. Ra1 R8c7 38. Rc1 Qc8 39. Rc2 Rc4 40. Qb2 Kh7 41. Rf3 Kg8 42. Rd3 R7c6 43. Qa3 Qb7 44. Qa5 Qc8 45. Qa3 Qb8 46. Qa5 Rxb4 47. cxb4 Rxc2 48. Qxa6 Qxb4 49. Qa8+ Qf8 50. Qb7 Qc8 51. Qxc8+ Rxc8 52. Kf3 Rc2 53. Rb3 Rc7 54. Kf4 Kg7 55. Ke3 Kf6 56. Ra3 Rb7 57. Rc3 Kf5 58. Ra3 Kg4 59. Ke2 Rb2+ 60. Ke3 f6 61. Ra6 Kf5 62. Ra3 e5 63. dxe5 fxe5 64. Ra8 Rb3+ 65. Ke2 Ke4 66. Rg8 Rb2+ 67. Ke1 Kd3 68. Kf1 Rb6 69. Re8 e4 70. Kg2 d4 71. g4 hxg4 72. Kg3 Rf6 73. Ra8 Rf3+ 74. Kg2 Rh3 75. Ra3+ Kc4 76. Ra4+ Kd5 77. Ra5+ Kc4 78. Ra4+ Kc3 79. Ra3+ Kb4 80. Ra6 d3 81. Re6 d2 82. Rxe4+ Kc3 83. Rxg4 Rd3 0-1

[Event "Bytom Black Horse School Cup"]
[Site "Bytom"]
[Date "2023.01.28"]
[Round "2"]
[White "Wiewiora, Eneasz"]
[Black "Oborska, Magda"]
[Result "1-0"]
[WhiteElo "2309"]
[BlackElo "1597"]
[PlyCount "51"]
[EventDate "2023.01.28"]
[EventType "swiss (rapid)"]
[EventRounds "9"]
[EventCountry "POL"]
[SourceTitle "CBM 213 Extra"]
[Source "ChessBase"]
[SourceDate "2023.05.31"]
[SourceVersion "1"]
[SourceVersionDate "2023.05.31"]
[SourceQuality "1"]

1. e4 e5 2. Nf3 Nc6 3. Bc4 Bc5 4. c3 Nf6 5. d4 exd4 6. 0-0 Nxe4 7. cxd4 Bb6 8. d5 Ne7 9. Qe2 Nd6 10. Bd3 0-0 11. Bxh7+ Kh8 12. Ng5 Nxd5 13. Qh5 Nf6 14. Qh4 Re8 15. Nc3 g6 16. Bxg6+ Kg7 17. Bc2 Rh8 18. Qg3 Kf8 19. Bf4 Nde8 20. Rfe1 d6 21. Bb3 Be6 22. Bxe6 Nh5 23. Qf3 f6 24. Nd5 fxg5 25. Bxg5+ Kg7 26. Qf7# 1-0

[Event "CZE-chT2F 2223"]
[Site "Czech Republic"]
[Date "2023.01.22"]
[Round "7"]
[White "Vitak, Pavel"]
[Black "Wiewiora, Eneasz"]
[Result "1/2-1/2"]
[WhiteElo "2167"]
[BlackElo "2326"]
[PlyCount "100"]
[EventDate "2022.10.16"]
[EventType "team-tourn"]
[EventRounds "11"]
[EventCountry "CZE"]
[SourceTitle "EXT 2024"]
[Source "ChessBase"]
[SourceDate "2023.10.10"]
[SourceVersion "1"]
[SourceVersionDate "2023.10.10"]
[SourceQuality "1"]
[WhiteTeam "Vsetin"]
[BlackTeam "Havirov Slovan"]
[WhiteTeamCountry "CZE"]
[BlackTeamCountry "CZE"]

1. e4 d6 2. d4 Nf6 3. Nc3 e5 4. Nf3 Nbd7 5. Bc4 Be7 6. 0-0 0-0 7. Re1 c6 8. a4 b6 9. b3 a6 10. Bb2 Bb7 11. Qd2 b5 12. axb5 axb5 13. Bd3 Rxa1 14. Bxa1 Re8 15. dxe5 dxe5 16. Ne2 Bf8 17. Ng3 g6 18. Bc3 Qc7 19. h3 Bg7 20. Ba5 Qb8 21. Qe3 Bf8 22. Bc3 Qc7 23. Ra1 h6 24. Qe1 Kh7 25. Ra2 Nc5 26. Bf1 Bg7 27. Qe3 Nfd7 28. Qd2 Ne6 29. Ba5 Qc8 30. c3 Ndc5 31. Qd1 Re7 32. Rd2 Rd7 33. Qc2 Rxd2 34. Nxd2 Qd7 35. Bb6 Qd6 36. Nf5 Qf8 37. Nxg7 Kxg7 38. Nf3 Qd6 39. b4 Nd7 40. Be3 f6 41. Qd2 Qxd2 42. Nxd2 Ndf8 43. f3 Bc8 44. Nb3 h5 45. Na5 Bd7 46. Kf2 h4 47. Ke1 g5 48. Kd2 Ng6 49. Bb6 Ngf4 50. Ke3 Kf7 1/2-1/2

[Event "CZE-chT2F 2223"]
[Site "Czech Republic"]
[Date "2022.10.16"]
[Round "1"]
[White "Pala, Vladimir"]
[Black "Wiewiora, Eneasz"]
[Result "1/2-1/2"]
[WhiteElo "2176"]
[BlackElo "2333"]
[PlyCount "23"]
[EventDate "2022.10.16"]
[EventType "team-tourn"]
[EventRounds "11"]
[EventCountry "CZE"]
[SourceTitle "EXT 2024"]
[Source "ChessBase"]
[SourceDate "2023.10.10"]
[SourceVersion "1"]
[SourceVersionDate "2023.10.10"]
[SourceQuality "1"]
[WhiteTeam "Hostalkova II"]
[BlackTeam "Havirov Slovan"]
[WhiteTeamCountry "CZE"]
[BlackTeamCountry "CZE"]

1. Nf3 Nf6 2. c4 g6 3. b3 Bg7 4. Bb2 0-0 5. g3 b6 6. Bg2 Bb7 7. 0-0 c5 8. Nc3 d5 9. Nxd5 Nxd5 10. Bxg7 Kxg7 11. cxd5 Qxd5 12. d4 1/2-1/2

[Event "Titled Tuesday intern op 16th Aug Late"]
[Site "Chess.com INT"]
[Date "2022.08.16"]
[Round "1"]
[White "Federzoni, Enzo"]
[Black "Wiewiora, Eneasz"]
[Result "0-1"]
[WhiteElo "2158"]
[BlackElo "2333"]
[PlyCount "58"]
[EventDate "2022.08.16"]
[EventType "swiss (blitz)"]
[EventRounds "11"]
[EventCountry "USA"]
[SourceTitle "EXT 2023"]
[Source "ChessBase"]
[SourceDate "2022.10.05"]
[SourceVersion "1"]
[SourceVersionDate "2022.10.05"]
[SourceQuality "1"]

1. e4 d6 2. d3 g6 3. Nc3 Bg7 4. g3 c5 5. Bg2 Nc6 6. f4 e5 7. Nf3 Nge7 8. 0-0 0-0 9. f5 gxf5 10. Bg5 fxe4 11. dxe4 f5 12. exf5 Bxf5 13. Nd5 Qd7 14. Nxe7+ Nxe7 15. Bxe7 Qxe7 16. Nh4 Be6 17. Qh5 d5 18. Rad1 Rad8 19. Rxf8+ Qxf8 20. Qg5 Qf6 21. Qd2 e4 22. Rf1 Qd4+ 23. Qxd4 Bxd4+ 24. Kh1 Bxb2 25. Rb1 Be5 26. Rxb7 Rb8 27. Re7 Rb1+ 28. Bf1 Rxf1+ 29. Kg2 Rf6 0-1

[Event "Titled Tuesday intern op 16th Aug Late"]
[Site "Chess.com INT"]
[Date "2022.08.16"]
[Round "7"]
[White "Gheorghiu, Calin"]
[Black "Wiewiora, Eneasz"]
[Result "0-1"]
[WhiteElo "2286"]
[BlackElo "2333"]
[PlyCount "78"]
[EventDate "2022.08.16"]
[EventType "swiss (blitz)"]
[EventRounds "11"]
[EventCountry "USA"]
[SourceTitle "EXT 2023"]
[Source "ChessBase"]
[SourceDate "2022.10.05"]
[SourceVersion "1"]
[SourceVersionDate "2022.10.05"]
[SourceQuality "1"]

1. d4 d6 2. e4 Nf6 3. Nc3 e5 4. Nge2 Be7 5. g3 0-0 6. Bg2 c6 7. 0-0 b5 8. a3 a5 9. h3 Ba6 10. b4 Nbd7 11. Be3 Nb6 12. f4 Nc4 13. Bf2 Qc7 14. g4 Rfe8 15. g5 Nh5 16. fxe5 dxe5 17. Bf3 Nf4 18. Nxf4 exf4 19. e5 Bxg5 20. Ne4 Be7 21. c3 Bc8 22. Kh2 Bf5 23. Rg1 Kh8 24. Qc1 axb4 25. Qxf4 Bg6 26. axb4 Rxa1 27. Rxa1 f6 28. Bg3 fxe5 29. dxe5 Rf8 30. Qg4 Ne3 31. Qe6 Rxf3 32. Ra8+ Rf8 33. Rxf8+ Bxf8 34. Ng5 Nf1+ 35. Kg2 Nxg3 36. Kxg3 Qe7 37. Kf4 Qxe6 38. Nxe6 Be7 39. Nc7 Kg8 0-1

[Event "Titled Tuesday intern op 19th Jul Late"]
[Site "Chess.com INT"]
[Date "2022.07.19"]
[Round "5"]
[White "Hakobyan, Aram"]
[Black "Wiewiora, Eneasz"]
[Result "1-0"]
[WhiteElo "2612"]
[BlackElo "2333"]
[PlyCount "53"]
[EventDate "2022.07.19"]
[EventType "swiss (blitz)"]
[EventRounds "11"]
[EventCountry "USA"]
[SourceTitle "EXT 2023"]
[Source "ChessBase"]
[SourceDate "2022.10.05"]
[SourceVersion "1"]
[SourceVersionDate "2022.10.05"]
[SourceQuality "1"]

1. e4 d6 2. Nc3 Nf6 3. f4 g6 4. Nf3 Bg7 5. Bc4 0-0 6. d3 c6 7. Bb3 Nbd7 8. 0-0 Nc5 9. Qe1 Nxb3 10. axb3 Bg4 11. Qh4 Bxf3 12. Rxf3 e6 13. f5 Nd7 14. Bg5 Bf6 15. Rh3 h5 16. Rg3 exf5 17. exf5 Kh7 18. Ne4 Bd4+ 19. Kh1 Qb6 20. Be7 Bxb2 21. Rf1 Rfe8 22. fxg6+ fxg6 23. Rf7+ Kg8 24. Rf1 Ne5 25. Nf6+ Kh8 26. Nxh5 Qf2 27. Rxf2 1-0

[Event "Titled Tuesday intern op 19th Jul Late"]
[Site "Chess.com INT"]
[Date "2022.07.19"]
[Round "8"]
[White "Wiewiora, Eneasz"]
[Black "Erenberg, Ariel"]
[Result "1-0"]
[WhiteElo "2333"]
[BlackElo "2516"]
[PlyCount "59"]
[EventDate "2022.07.19"]
[EventType "swiss (blitz)"]
[EventRounds "11"]
[EventCountry "USA"]
[SourceTitle "EXT 2023"]
[Source "ChessBase"]
[SourceDate "2022.10.05"]
[SourceVersion "1"]
[SourceVersionDate "2022.10.05"]
[SourceQuality "1"]

1. e4 e5 2. Nf3 Nc6 3. Bc4 Bc5 4. c3 Nf6 5. d4 exd4 6. 0-0 Nxe4 7. cxd4 Be7 8. d5 Nb8 9. Re1 Nf6 10. d6 cxd6 11. Nc3 0-0 12. Rxe7 Qxe7 13. Bg5 Nc6 14. Nd5 Nxd5 15. Bxe7 Ndxe7 16. Ng5 h6 17. Ne4 Ne5 18. Bb3 d5 19. Nd6 b6 20. f4 N5c6 21. f5 Ba6 22. f6 gxf6 23. Qg4+ Ng6 24. Bxd5 Nce5 25. Qh5 Rab8 26. Qxh6 Bd3 27. Rd1 Rbe8 28. Rxd3 Nxd3 29. Qxg6+ Kh8 30. Qxd3 1-0

[Event "Titled Tuesday intern op 12th Jul Late"]
[Site "Chess.com INT"]
[Date "2022.07.12"]
[Round "4"]
[White "Ardila, Oscar Humberto"]
[Black "Wiewiora, Eneasz"]
[Result "0-1"]
[WhiteElo "2019"]
[BlackElo "2333"]
[PlyCount "122"]
[EventDate "2022.07.12"]
[EventType "swiss (blitz)"]
[EventRounds "11"]
[EventCountry "USA"]
[SourceTitle "EXT 2023"]
[Source "ChessBase"]
[SourceDate "2022.10.05"]
[SourceVersion "1"]
[SourceVersionDate "2022.10.05"]
[SourceQuality "1"]

1. d4 Nf6 2. c4 e6 3. Nf3 a6 4. e3 d5 5. Nc3 Be7 6. Bd2 0-0 7. Qc2 Nbd7 8. h3 Re8 9. Bd3 dxc4 10. Bxc4 b5 11. Bd3 Bb7 12. Ne4 Bxe4 13. Bxe4 Nxe4 14. Qxe4 c5 15. 0-0 Nf6 16. Qe5 Rc8 17. Rfd1 Bd6 18. Qg5 Ne4 19. Qxd8 Rexd8 20. Ba5 Re8 21. dxc5 Bxc5 22. Rd7 Nf6 23. Rb7 Re7 24. Rxe7 Bxe7 25. Rd1 Rc2 26. Bc3 Nd5 27. Bd4 f6 28. Ne1 Rc6 29. e4 Nf4 30. Kf1 Kf7 31. Be3 Ng6 32. Ke2 Ne5 33. b3 Ke8 34. f4 Nf7 35. Rc1 Rxc1 36. Bxc1 e5 37. f5 Kd7 38. Kd3 Kc6 39. g4 Nd6 40. h4 Nb7 41. Be3 Bc5 42. g5 a5 43. Nf3 Bxe3 44. Kxe3 Nc5 45. gxf6 gxf6 46. Nd2 a4 47. bxa4 bxa4 48. Nc4 Kb5 49. Nd6+ Kb4 50. Ne8 Nd7 51. Kd2 Ka3 52. Kc3 Kxa2 53. Kc2 a3 54. h5 Ka1 55. Kc1 Ka2 56. Kc2 h6 57. Kc1 Kb3 58. Kb1 Nc5 59. Nxf6 a2+ 60. Ka1 Ka3 61. Nd5 Nb3# 0-1

[Event "Titled Tuesday intern op 12th Jul Late"]
[Site "Chess.com INT"]
[Date "2022.07.12"]
[Round "9"]
[White "Sanchez Alvares, Kelvin Antonio"]
[Black "Wiewiora, Eneasz"]
[Result "1-0"]
[WhiteElo "2215"]
[BlackElo "2333"]
[PlyCount "45"]
[EventDate "2022.07.12"]
[EventType "swiss (blitz)"]
[EventRounds "11"]
[EventCountry "USA"]
[SourceTitle "EXT 2023"]
[Source "ChessBase"]
[SourceDate "2022.10.05"]
[SourceVersion "1"]
[SourceVersionDate "2022.10.05"]
[SourceQuality "1"]

1. e4 d6 2. d4 Nf6 3. Nc3 e5 4. Nf3 Nbd7 5. g4 Nxg4 6. Rg1 exd4 7. Nxd4 Nde5 8. h3 Nf6 9. f4 Ng6 10. Qf3 d5 11. exd5 Bb4 12. Qe3+ Kf8 13. Bd2 Nxd5 14. Nxd5 Bxd2+ 15. Qxd2 Qxd5 16. 0-0-0 Qxa2 17. Qb4+ Kg8 18. Bc4 c5 19. Qxc5 Qa1+ 20. Kd2 Qxb2 21. Rb1 b6 22. Qd5 Bb7 23. Qxf7# 1-0

[Event "Titled Tuesday intern op 12th Jul Late"]
[Site "Chess.com INT"]
[Date "2022.07.12"]
[Round "1"]
[White "Wiewiora, Eneasz"]
[Black "Ulasevich, Sergei"]
[Result "0-1"]
[WhiteElo "2333"]
[BlackElo "2217"]
[PlyCount "100"]
[EventDate "2022.07.12"]
[EventType "swiss (blitz)"]
[EventRounds "11"]
[EventCountry "USA"]
[SourceTitle "EXT 2023"]
[Source "ChessBase"]
[SourceDate "2022.10.05"]
[SourceVersion "1"]
[SourceVersionDate "2022.10.05"]
[SourceQuality "1"]

1. e4 c5 2. c3 Nf6 3. e5 Nd5 4. d4 cxd4 5. Nf3 Nc6 6. Bc4 Nb6 7. Bb3 d5 8. exd6 Qxd6 9. 0-0 Be6 10. Na3 Bxb3 11. Qxb3 e6 12. Nb5 Qb8 13. Nbxd4 Nxd4 14. Nxd4 Be7 15. Qb5+ Nd7 16. Re1 a6 17. Qh5 Nf6 18. Qg5 0-0 19. Bf4 Nd5 20. Bxb8 Bxg5 21. Be5 Rfd8 22. g3 Rac8 23. Rad1 Be7 24. Kg2 h5 25. h4 Bf6 26. Bxf6 Nxf6 27. Nb3 Kf8 28. Kf3 Ke7 29. Rxd8 Rxd8 30. Ke2 Ne4 31. Ke3 Nd6 32. Nd2 e5 33. Ke2 f5 34. Nf3 Nf7 35. a4 g6 36. a5 Rd5 37. b4 Nd6 38. Nd2 Ke6 39. Rc1 e4 40. c4 Rd3 41. Rb1 Rc3 42. Nb3 Rxc4 43. Nc5+ Kd5 44. Rd1+ Rd4 45. Rb1 Kc4 46. Ne6 Rd3 47. Nf4 Rb3 48. Rc1+ Kxb4 49. Nxg6 Kxa5 50. Rd1 Rb2+ 0-1

[Event "EU-ch Rapid"]
[Site "Katowice"]
[Date "2021.12.19"]
[Round "9"]
[White "Stanisz, Patryk"]
[Black "Wiewiora, Eneasz"]
[Result "1-0"]
[WhiteElo "2158"]
[BlackElo "2333"]
[PlyCount "72"]
[EventDate "2021.12.18"]
[EventType "swiss (rapid)"]
[EventRounds "11"]
[EventCountry "POL"]
[SourceTitle "CBM 205 Extra"]
[Source "ChessBase"]
[SourceDate "2022.01.31"]
[SourceVersion "1"]
[SourceVersionDate "2022.01.31"]
[SourceQuality "1"]

1. Nf3 Nf6 2. d4 d5 3. c4 e6 4. Nc3 a6 5. cxd5 exd5 6. Bf4 Bd6 7. g3 0-0 8. Bg2 Bxf4 9. gxf4 c6 10. Ne5 Bf5 11. e3 Ne8 12. Qh5 Nd6 13. Qe2 Re8 14. Bf3 f6 15. Nd3 Nd7 16. Bg4 Qe7 17. 0-0-0 a5 18. Kb1 a4 19. Bxf5 Nxf5 20. Qc2 a3 21. b3 Qe6 22. Rhg1 Re7 23. Ne2 b6 24. Ng3 Nxg3 25. Rxg3 Rc8 26. Nb4 c5 27. dxc5 Rxc5 28. Qd3 Qe4 29. Qxe4 dxe4 30. Nc2 Ra5 31. Nd4 Rd5 32. Rc1 Nc5 33. b4 Nd3 34. Rc8+ Kf7 35. f5 g5 36. h4 Nxf2 1-0

[Event "POL-chT 1st League"]
[Site "Ustron"]
[Date "2020.09.12"]
[Round "8.1"]
[White "Pacan Milej, Kosma"]
[Black "Wiewiora, Eneasz"]
[Result "1-0"]
[WhiteElo "2420"]
[BlackElo "2346"]
[PlyCount "53"]
[EventDate "2020.09.05"]
[EventType "team-tourn"]
[EventRounds "9"]
[EventCountry "POL"]
[SourceTitle "CBM 198 Extra"]
[Source "ChessBase"]
[SourceDate "2020.11.30"]
[SourceVersion "1"]
[SourceVersionDate "2020.11.30"]
[SourceQuality "1"]
[WhiteTeam "Opole Rodlo"]
[BlackTeam "Pawlowice Gminy"]
[WhiteTeamCountry "POL"]
[BlackTeamCountry "POL"]

1. d4 Nf6 2. c4 e6 3. Nc3 d5 4. cxd5 exd5 5. Bg5 Nbd7 6. e3 c6 7. Bd3 Be7 8. Qc2 Nh5 9. Bxe7 Qxe7 10. 0-0-0 Nb6 11. h3 g6 12. Nf3 Be6 13. Kb1 0-0-0 14. Na4 Nxa4 15. Qxa4 Kb8 16. Rc1 Rc8 17. Rc3 Rc7 18. Rhc1 Bd7 19. Ra3 b5 20. Qa5 Rhc8 21. Rb3 Ka8 22. Rxb5 Bxh3 23. Rbc5 Bxg2 24. Ne5 Be4 25. Bxe4 dxe4 26. Nxc6 Qd6 27. Nxa7 1-0

[Event "POL-chT 1st League"]
[Site "Ustron"]
[Date "2020.09.10"]
[Round "6.1"]
[White "Koziol, Kamil"]
[Black "Wiewiora, Eneasz"]
[Result "1/2-1/2"]
[WhiteElo "2296"]
[BlackElo "2346"]
[PlyCount "21"]
[EventDate "2020.09.05"]
[EventType "team-tourn"]
[EventRounds "9"]
[EventCountry "POL"]
[SourceTitle "CBM 198 Extra"]
[Source "ChessBase"]
[SourceDate "2020.11.30"]
[SourceVersion "1"]
[SourceVersionDate "2020.11.30"]
[SourceQuality "1"]
[WhiteTeam "Rybnik"]
[BlackTeam "Pawlowice Gminy"]
[WhiteTeamCountry "POL"]
[BlackTeamCountry "POL"]

1. e4 d6 2. d4 Nf6 3. Nc3 e5 4. Nf3 Nbd7 5. Rg1 g6 6. g4 Bg7 7. g5 Nh5 8. Be3 0-0 9. Qd2 c6 10. 0-0-0 Qa5 11. Kb1 1/2-1/2